04822nam a2200397 a 4500001001000000003000500010005001700015007000300032008004100035010001100076011001100087040002300098041001300121100004200134245019100176264004200367300007300409336002700482337002800509338002800537502012800565504002800693520170100721520154002422650004003962650006504002650003104067650004204098650005004140650002804190650003404218700004004252700004004292700003504332856005704367000116264CHAP20240808173827.0ta191016s2019 mx ado frm |||1|||spa d a112725 a113697 cCHAPamxchpuaerda0 aspabeng1 aGutiérrez Calleja, Francisco Javier10aAnálisis de vibraciones y detecciones de fallas mecánicas en ventiladores centrífugos de calderas mediante el colector de datos DLI DCX 3.40 /cFrancisco Javier Gutíerrez Calleja aChapingo, México :bEl autor,c2019 axi, 82 hojas :bilustraciones, gráficas, fotografías +e1 CD-ROM 2rdacontentatextobtxt 2rdamediaano mediadobn 2rdacarrieravolumenbnc aMemoria de Experiencia Profesionalb(Ingeniero Agroindustrial) --cUACh. Departamento de Ingeniería Agroindustrial,d2019 aBibliografía: hoja 823 aDescripción de cómo se realiza, actualmente en la industria, un análisis de vibraciones para prever fallas en los ventiladores centrífugos que alimentan los hogares de las calderas de un ingenio azucarero. Los análisis de vibraciones se realizan utilizando un colector de datos de vibración DLI DCX 3.40. El documento contiene una revisión somera de la teoría de vibraciones mecánicas y una descripción detallada de los principios físicos de funcionamiento del instrumento. Puesto que el análisis de vibraciones es una parte importante del mantenimiento en el ingenio azucarero, consideramos como contribución principal de esta tesis la integración en un solo documento de los principios teórico-prácticos que rigen la práctica moderna en materia de mantenimiento de equipo rotatorio y, particularmente, de ventiladores centrífugos. El principio básico del mantenimiento predictivo basado en el registro y análisis de las vibraciones mecánicas se sustenta sobre dos premisas: 1. La vibración es inevitable y 2. Los patrones del movimiento vibratorio de un mismo componente varían a lo largo de su vida útil. En otras palabras, el registro y monitoreo de los datos de vibración puede servir, y de hecho así es, para la detección oportuna de fallas en los elementos de la máquina. Las ventajas de la detección oportuna de fallas repercuten en la economía y en la productividad del proceso ya que elimina las pérdidas que resultan de paros no programados de la maquinaria y, también, suprime los problemas de calidad, como los malos acabados, que pueden inducirse por variación excesiva de los parámetros del movimiento vibratorio.3 aDescription of how a vibration analysis is currently carried out in the industry to predict failures in the centrifugal fans that feed the homes of the boilers of a sugar mill. The vibration analyzes are performed using a DLI DCX 3.40 vibration data collector. The document contains a brief review of the theory of mechanical vibrations and a detailed description of the physical principles of operation of the instrument. Since the analysis of vibrations is an important part of the maintenance in the sugar mill, we consider as the main contribution of this thesis the integration in a single document of the theoretical-practical principles that govern the modern practice in the matter of maintenance of rotating equipment and, particularly, centrifugal fans. The basic principle of predictive maintenance based on the recording and analysis of mechanical vibrations is based on two premises: 1. Vibration is inevitable and 2. Patterns of vibratory movement of the same component vary throughout its useful life. In other words, the recording and monitoring of the vibration data can serve, and indeed it is, for the timely detection of faults in the elements of the machine. The advantages of the timely detection of faults have an impact on the economy and on the productivity of the process, since it eliminates the losses that result from unscheduled shutdowns of the machinery and also eliminates quality problems, such as bad finishing, which can be induced by excessive variation of the parameters of the vibratory movement.14aIngeniería mecánicaxMaquinaria13aVentiladores (maquinaria)xMantenimiento y reparación2atg13aVibraciónxCalderas2atg13aProgramas de computadores xDCX2atg13aFans (equipment)xMaintenance and repair2atg13aVibrationxBoilers2atg13aComputer software xDCX2atg1 aLópez Bautista, Vicenteedirector1 aAscencio Rivera, J. Rogelioeasesor1 aPérez Barrón, Juaneasesor41uhttp://10.13.5.2/tesis/sist116264.pdfyDESCARGAR PDF